000 00939 a2200229 4500
999 _c2132
_d2132
020 _a9780230389601 (hardback)
020 _a0230389600 (hardback)
050 0 0 _aHJ1341.UCH 2012
100 _aUchimura Hiriko
_eeditor
245 0 0 _aFiscal decentralization and development :
_bexperiences of three developing countries in Southeast Asia /
_cedited by Hiroko Uchimura.
264 _aNew York:
_bPalgrave macmillan.,
_c2012
300 _axiv, 207 p. :
_bill. ;
500 _aIncludes bibliographical references and index.
504 _aIncludes bibliographical references and index.
650 0 _aIntergovernmental fiscal relations
650 0 _aLocal finance
650 0 _aEconomic development
650 0 _aDecentralization in government
700 1 _aUchimura, Hiroko.
942 _2lcc
_cBK
_h1341
_iUCH
_kHJ